Hebrew Bible : (Record no. 8803)
[ view plain ]
| 000 -LEADER | |
|---|---|
| fixed length control field | 00739nam a22002172 4500 |
| 001 - CONTROL NUMBER | |
| control field | 0000019076 |
| 005 - DATE AND TIME OF LATEST TRANSACTION | |
| control field | 20151217152144.0 |
| 008 - FIXED-LENGTH DATA ELEMENTS--GENERAL INFORMATION | |
| fixed length control field | 100908s xx 000 0 eng d |
| 020 ## - INTERNATIONAL STANDARD BOOK NUMBER | |
| International Standard Book Number | 0687036666 : |
| 040 ## - CATALOGING SOURCE | |
| Original cataloging agency | KABU |
| Transcribing agency | KABU |
| 245 10 - TITLE STATEMENT | |
| Title | Hebrew Bible : |
| Remainder of title | history of interpretation / |
| Statement of responsibility, etc. | foreword by Walter Harrelson. |
| 250 ## - EDITION STATEMENT | |
| Edition statement | 1st ed. |
| 260 ## - PUBLICATION, DISTRIBUTION, ETC. (IMPRINT) | |
| Place of publication, distribution, etc. | Nashville : |
| Name of publisher, distributor, etc. | Abingdon, |
| Date of publication, distribution, etc. | 2004. |
| 300 ## - PHYSICAL DESCRIPTION | |
| Extent | xxiv, 366 p. |
| 500 ## - GENERAL NOTE | |
| General note | Excerpted from the Dictionary of Biblical interpretation edited by John H. Hayes. |
| 630 00 - SUBJECT ADDED ENTRY--UNIFORM TITLE | |
| Uniform title | Bible |
| General subdivision | Criticism, interpretation, etc |
| -- | History. |
| -- | 0000178680 |
| 630 00 - SUBJECT ADDED ENTRY--UNIFORM TITLE | |
| Uniform title | Bible |
| General subdivision | Hermeneutics. |
| -- | 0000149240 |
| 852 1# - LOCATION | |
| -- | p500 KES |
| 908 ## - PUT COMMAND PARAMETER (RLIN) | |
| Put command parameter | 100908 |
| 950 ## - LOCAL HOLDINGS (RLIN) | |
| -- | 1 |
| Withdrawn status | Lost status | Source of classification or shelving scheme | Not for loan | Home library | Current library | Date acquired | Total Checkouts | Full call number | Barcode | Date last seen | Price effective from | Koha item type |
|---|---|---|---|---|---|---|---|---|---|---|---|---|
| Library of Congress Classification | Kabarak, Main Campus | Kabarak, Main Campus | 17/12/2015 | BS500 .H43 2004 c. 1 | 23951 | 02/08/2024 | 17/12/2015 | General Collection |